000 00793cab a2200193 4500
001 ##L134665
008 060824n2006 000 0 eng u
035 _a(Sirsi) u134665
041 0 _aeng
100 1 _aMcCormick, Helen
245 0 0 _aSkanska excels at school
260 _c2006
490 0 _aContract Journal
_v434(6589) 23 August 2006, 14-15(2)
520 _aSkanska topped the new work winners league table in July 2006, with Carillion in second place. Also includes tables giving breakdown of work by sector and geographical area, pie graphs showing work by sector over past 12 months and in July, and bar chart illustrating total orders in last 12 months.
590 _aIKA050906
651 4 _aUnited Kingdom
_y
690 _aBUILT ENVIRONMENT-CONSTRUCTION MARKET
942 _n0
999 _c77612
_d77612